000 00646nam a2200205Ia 4500
003 GCL
008 140319s9999 xx 000 0 ara d
040 _aGCL /
_cGCL
082 0 4 _a346.01
_bع ح
100 1 _aعبدالغنى محمود
245 1 0 _aحقوق المرأة فى القانون العام والشريعة الاسلامية /
_cعبدالغنى محمود
260 _a[S.N] :
_bدار النهضة العربية ،
_c1991
300 _a134 ص
490 _a
650 0 4 _aالقانون
650 0 4 _aالمرأة
650 0 4 _aالاحوال الشخصية
650 0 4 _aالقانون العام
942 _2ddc
_cBK
999 _c31922
_d31922